Anatomy drawing school : (Record no. 15892)

000 -LEADER
fixed length control field 00576cam a2200217Ii 4500
020 ## - INTERNATIONAL STANDARD BOOK NUMBER
ISBN 9783848010080
020 ## - INTERNATIONAL STANDARD BOOK NUMBER
ISBN 3848010089
040 ## - CATALOGING SOURCE
Transcribing agency YDXCP
041 1# - LANGUAGE CODE
Language code of original and/or intermediate translations of text ger
082 04 - DEWEY DECIMAL CLASSIFICATION NUMBER
Classification number 743 SZU 1996 A087 Or.
100 1# - MAIN ENTRY--AUTHOR NAME
Personal name Szunyoghy, Andr©Łs,
245 10 - TITLE STATEMENT
Title Anatomy drawing school :
Remainder of title human and animal /
250 ## - EDITION STATEMENT
Edition statement Special edition.
300 ## - PHYSICAL DESCRIPTION
Number of Pages 420 pages :
Other physical details black & white illustrations ;
Dimensions 23 cm
650 #0 - SUBJECT ADDED ENTRY--TOPICAL TERM
Topical Term Anatomy, Artistic.
650 #0 - SUBJECT ADDED ENTRY--TOPICAL TERM
Topical Term Anatomy, Comparative.
650 #0 - SUBJECT ADDED ENTRY--TOPICAL TERM
Topical Term Animals in art.
650 #0 - SUBJECT ADDED ENTRY--TOPICAL TERM
Topical Term Drawing
700 1# - ADDED ENTRY--PERSONAL NAME
Personal name Feh©♭r, Gy©œrgy,
942 ## - ADDED ENTRY ELEMENTS (KOHA)
Koha item type សៀវភៅភាសាអង់គ្លេស
952 ## - LOCATION AND ITEM INFORMATION (KOHA)
Withdrawn status [LOCAL, KOHA] 0
Holdings
Permanent Location Date acquired Koha item type Lost status Shelving location Barcode Current Location Full call number
Library Block A2017-12-15សៀវភៅភាសាអង់គ្លេស A085A11109Library Block A743 SZU 1996 A085 Or.
មជ្ឈមណ្ឌលឯការនៃសាកលវិទ្យាល័យភូមិន្ទកសិកម្មចំការដូង

Powered by Koha